[Event "St Petersburg-Moscow"]
[Site "St Petersburg"]
[Date "2003.05.05"]
[Round "2"]
[White "Bykhovsky, Anatoly A"]
[Black "Cherepkov, Alexander V"]
[Result "1/2-1/2"]
[WhiteElo "2374"]
[BlackElo "2395"]
[PlyCount "54"]
[EventDate "2003.05.03"]
[EventType "team-tourn"]
[EventRounds "2"]
[EventCountry "RUS"]
[SourceTitle "CBM 095"]
[Source "ChessBase"]
[SourceDate "2003.07.25"]
[SourceVersion "1"]
[SourceVersionDate "2003.07.25"]
[SourceQuality "1"]

1. e4 c5 2. Nf3 e6 3. d4 cxd4 4. Nxd4 a6 5. Nc3 b5 6. Bd3 Bb7 7. 0-0 Qc7 8. Kh1 Nf6 9. Qe2 Nc6 10. Nxc6 Qxc6 11. Bg5 Be7 12. f3 b4 13. Nb1 h6 14. Bh4 g5 15. Bf2 Nh5 16. Nd2 Nf4 17. Qe3 0-0 18. e5 Nxd3 19. cxd3 Qb5 20. Nc4 Rac8 21. b3 Bd5 22. Rac1 Rc6 23. Qe2 f5 24. Bd4 a5 25. Nb2 Rfc8 26. Qd2 Kf7 27. Rxc6 Rxc6 1/2-1/2

[Event "St Petersburg-ch"]
[Site "St Petersburg"]
[Date "1997.??.??"]
[Round "7"]
[White "Cherepkov, Alexander V"]
[Black "Grishanovich, Stanislav"]
[Result "1-0"]
[WhiteElo "2395"]
[BlackElo "2335"]
[PlyCount "43"]
[EventDate "1997.03.04"]
[EventType "swiss"]
[EventRounds "9"]
[EventCountry "RUS"]
[SourceTitle "CBM 058"]
[Source "ChessBase"]
[SourceDate "1997.06.01"]
[SourceVersion "1"]
[SourceVersionDate "1997.06.01"]
[SourceQuality "1"]

1. d4 e6 2. c4 f5 3. Nf3 Nf6 4. g3 Be7 5. Bg2 d6 6. Nc3 0-0 7. Qc2 Qe8 8. e4 Qh5 9. e5 Ne8 10. Ne2 Nc6 11. Nf4 Qf7 12. h4 Rb8 13. a3 Kh8 14. Be3 g6 15. 0-0-0 Bd7 16. h5 Kg8 17. hxg6 hxg6 18. Rh6 Kg7 19. Rdh1 b5 20. Rh7+ Kg8 21. Rh8+ Kg7 22. R1h7# 1-0

[Event "St Petersburg Seniors"]
[Site "St Petersburg"]
[Date "1995.??.??"]
[Round "?"]
[White "Cherepkov, Alexander V"]
[Black "Krogius, Nikolai V"]
[Result "0-1"]
[WhiteElo "2415"]
[BlackElo "2485"]
[PlyCount "116"]
[EventDate "1995.??.??"]
[EventType "tourn"]
[EventRounds "7"]
[EventCountry "RUS"]
[EventCategory "9"]
[SourceTitle "EXT 1998"]
[Source "ChessBase"]
[SourceDate "1997.11.17"]
[SourceVersion "1"]
[SourceVersionDate "1997.11.17"]
[SourceQuality "1"]

1. d4 Nf6 2. c4 e6 3. Nc3 Bb4 4. e3 0-0 5. Bd3 d5 6. Nf3 c5 7. 0-0 Nc6 8. a3 Bxc3 9. bxc3 Qc7 10. Bb2 dxc4 11. Bxc4 e5 12. h3 Bf5 13. Qe2 Rfe8 14. Ba2 Be6 15. dxe5 Nxe5 16. c4 Ng6 17. Rac1 Bf5 18. Bxf6 gxf6 19. Bb1 Bxb1 20. Rxb1 b6 21. Rfd1 Rad8 22. Nh2 Rxd1+ 23. Rxd1 Rd8 24. Ng4 Rxd1+ 25. Qxd1 Kg7 26. f4 Qc6 27. Qd3 f5 28. Qc3+ f6 29. Nf2 a6 30. Nh1 Nh4 31. Qc2 b5 32. Qf2 Ng6 33. Ng3 Ne7 34. Qc2 b4 35. axb4 cxb4 36. c5 a5 37. Qc4 Qd5 38. Qxd5 Nxd5 39. Nxf5+ Kg6 40. Nd4 a4 41. Kf2 b3 42. Nb5 b2 43. Na3 Kf7 44. Ke2 Nc3+ 45. Kd3 b1Q+ 46. Nxb1 Nxb1 47. e4 a3 48. Kc2 Nd2 49. e5 fxe5 50. c6 Ke7 51. fxe5 Nc4 52. Kb3 Nxe5 53. c7 Kd7 54. Kxa3 Kxc7 55. Kb3 Kd6 56. Kc3 Kd5 57. Kd2 Ke4 58. Ke2 Kf4 0-1

[Event "St Petersburg op2"]
[Site "St Petersburg"]
[Date "1994.??.??"]
[Round "9"]
[White "Cherepkov, Alexander V"]
[Black "Aleksandrov, Aleksej"]
[Result "0-1"]
[WhiteElo "2410"]
[BlackElo "2525"]
[PlyCount "84"]
[EventDate "1994.10.??"]
[EventType "swiss"]
[EventRounds "9"]
[EventCountry "RUS"]
[SourceTitle "CBM 043 Extra"]
[Source "ChessBase"]
[SourceDate "1995.01.01"]
[SourceVersion "1"]
[SourceVersionDate "1995.01.01"]
[SourceQuality "1"]

1. d4 Nf6 2. c4 e6 3. Nc3 Bb4 4. e3 0-0 5. Bd3 c5 6. Nge2 cxd4 7. exd4 d5 8. 0-0 dxc4 9. Bxc4 Nbd7 10. a3 Be7 11. Qd3 b6 12. Bf4 Bb7 13. Rac1 a6 14. a4 Re8 15. Rfd1 Nf8 16. Bg3 Ng6 17. Nf4 Qd7 18. Bb3 Rac8 19. Nce2 Red8 20. Rxc8 Rxc8 21. Nc3 Bb4 22. Nfe2 h5 23. h3 h4 24. Bh2 Bd6 25. Bxd6 Qxd6 26. Qe3 Ne7 27. Bc2 b5 28. axb5 axb5 29. Bb1 b4 30. Ne4 Bxe4 31. Bxe4 Ned5 32. Bxd5 Nxd5 33. Qb3 Qa6 34. Nc1 Rc4 35. Qf3 Qc6 36. Nb3 Rc2 37. Rb1 Qc4 38. Ra1 Nf6 39. Ra2 Qe2 40. Ra8+ Kh7 41. Qf4 Qe1+ 42. Kh2 Qxf2 0-1

[Event "St Petersburg op"]
[Site "St Petersburg"]
[Date "1992.??.??"]
[Round "?"]
[White "Cherepkov, Alexander V"]
[Black "Khropov, Boris"]
[Result "1/2-1/2"]
[WhiteElo "2415"]
[BlackElo "2205"]
[PlyCount "66"]
[EventDate "1992.??.??"]
[EventType "swiss"]
[EventRounds "9"]
[EventCountry "RUS"]
[SourceTitle "EXT 1997"]
[Source "ChessBase"]
[SourceDate "1996.11.15"]
[SourceVersion "1"]
[SourceVersionDate "1996.11.15"]
[SourceQuality "1"]

1. d4 d5 2. c4 dxc4 3. Nf3 Nf6 4. e3 Bg4 5. Bxc4 e6 6. h3 Bh5 7. Nc3 Nbd7 8. Be2 Bd6 9. e4 Bxf3 10. Bxf3 e5 11. d5 0-0 12. 0-0 Bc5 13. Rb1 Ne8 14. b4 Bb6 15. a4 a6 16. a5 Ba7 17. b5 axb5 18. Nxb5 Bc5 19. Bd2 c6 20. Nc3 cxd5 21. Nxd5 Nd6 22. Qb3 Qh4 23. Qa4 Rad8 24. Bg4 Nf6 25. Nxf6+ Qxf6 26. Qc2 Nxe4 27. Be1 Qc6 28. Bf3 f5 29. Bxe4 fxe4 30. Bb4 Bxb4 31. Qxc6 bxc6 32. Rxb4 Rd4 33. Rb6 Ra4 1/2-1/2

[Event "Leningrad op"]
[Site "Leningrad"]
[Date "1990.??.??"]
[Round "?"]
[White "Cherepkov, Alexander V"]
[Black "Katishonok, Nikolaj"]
[Result "1/2-1/2"]
[WhiteElo "2425"]
[BlackElo "2225"]
[PlyCount "129"]
[EventDate "1990.??.??"]
[EventType "swiss"]
[EventRounds "11"]
[EventCountry "URS"]
[SourceTitle "CBM 018 Extra"]
[Source "ChessBase"]
[SourceDate "1990.11.01"]
[SourceVersion "1"]
[SourceVersionDate "1990.11.01"]
[SourceQuality "1"]

1. d4 e6 2. c4 Nf6 3. Nc3 c5 4. d5 exd5 5. cxd5 g6 6. e4 d6 7. f4 Bg7 8. Bb5+ Nbd7 9. e5 dxe5 10. fxe5 Nh5 11. Nf3 0-0 12. Bg5 Qb6 13. Qe2 a6 14. Bc4 Nxe5 15. Nxe5 Re8 16. 0-0 Rxe5 17. Qd2 Qb4 18. Be2 Qd4+ 19. Kh1 Bg4 20. Bf3 Rae8 21. Rad1 Qxd2 22. Bxd2 Bxf3 23. Rxf3 f5 24. d6 Rd8 25. Bg5 Bf6 26. Be3 b5 27. h3 Kf7 28. g4 Ng7 29. g5 Rxe3 30. Rxe3 Bxg5 31. Re5 Ne6 32. d7 Bf6 33. Red5 Bd4 34. Rd6 b4 35. Na4 f4 36. Kg2 a5 37. Re1 Nf8 38. Nb6 Be3 39. b3 Ke7 40. Nc8+ Kf7 41. Nb6 Ke7 42. Rd3 Kf7 43. Kf3 Bd4 44. Re8 Rxe8 45. dxe8Q+ Kxe8 46. Kxf4 Ne6+ 47. Ke4 Nc7 48. Nc4 Nb5 49. Kd5 Kd7 50. Nxa5 Nc3+ 51. Kc4 Nxa2 52. Rf3 h6 53. Nb7 Kc6 54. Nd8+ Kd7 55. Nf7 h5 56. Ng5 Nc3 57. Rf7+ Kd6 58. Nf3 Ke6 59. Rb7 Bf2 60. Rg7 Kf6 61. Rg8 Ne4 62. Rf8+ Kg7 63. Ra8 Nf6 64. Kd3 Nd5 65. Ra6 1/2-1/2

[Event "URS-chT Army"]
[Site "Simferopol"]
[Date "1990.??.??"]
[Round "?"]
[White "Cherepkov, Alexander V"]
[Black "Moskalenko, Viktor"]
[Result "1/2-1/2"]
[WhiteElo "2430"]
[BlackElo "2515"]
[PlyCount "123"]
[EventDate "1990.??.??"]
[EventType "team-swiss"]
[EventRounds "9"]
[EventCountry "URS"]
[SourceTitle "EXT 1997"]
[Source "ChessBase"]
[SourceDate "1996.11.15"]
[SourceVersion "1"]
[SourceVersionDate "1996.11.15"]
[SourceQuality "1"]

1. d4 e6 2. c4 f5 3. g3 Nf6 4. Bg2 c6 5. Nf3 d5 6. 0-0 Bd6 7. b3 0-0 8. Ba3 Bxa3 9. Nxa3 Nbd7 10. cxd5 exd5 11. Nc2 Qe7 12. Nce1 Ne4 13. Nd3 a5 14. a3 Nb6 15. Nfe5 Be6 16. f3 Nd6 17. a4 Nd7 18. Qc1 Nxe5 19. Nxe5 Nf7 20. Nd3 Rae8 21. Re1 Bc8 22. e3 Qd8 23. Qc3 Re7 24. b4 Rfe8 25. Kf2 axb4 26. Qxb4 Nd6 27. Ne5 Nf7 28. Nxf7 Rxf7 29. a5 h5 30. h4 g5 31. hxg5 Qxg5 32. f4 Qg6 33. Bf3 Rg7 34. Rg1 Re6 35. Qc3 Qe8 36. Rh1 Rh6 37. Rh4 Rg4 38. Rah1 Qg6 39. Bxd5+ Be6 40. Rxg4 hxg4 41. Rxh6 Qxh6 42. Bg2 Qh2 43. Kf1 Qxg3 44. d5 Bxd5 45. Bxd5+ cxd5 46. Qc8+ Kg7 47. Qxb7+ Kg6 48. Qc6+ Kg7 49. Qd7+ Kg6 50. Qe8+ Kg7 51. Qe7+ Kg8 52. a6 Qf3+ 53. Ke1 d4 54. Qe8+ Kg7 55. Qe7+ Kg8 56. Qg5+ Kh8 57. Qh6+ Kg8 58. Qg6+ Kh8 59. Qh6+ Kg8 60. Qg5+ Kh8 61. Qf6+ Kg8 62. Qg6+ 1/2-1/2

[Event "Leningrad it"]
[Site "Leningrad"]
[Date "1990.??.??"]
[Round "?"]
[White "Cherepkov, Alexander V"]
[Black "Poldauf, Dirk"]
[Result "1/2-1/2"]
[WhiteElo "2430"]
[BlackElo "2370"]
[PlyCount "41"]
[EventDate "1990.??.??"]
[EventType "tourn"]
[EventRounds "13"]
[EventCountry "URS"]
[EventCategory "6"]
[SourceTitle "EXT 1997"]
[Source "ChessBase"]
[SourceDate "1996.11.15"]
[SourceVersion "1"]
[SourceVersionDate "1996.11.15"]
[SourceQuality "1"]

1. d4 Nf6 2. c4 g6 3. Nc3 Bg7 4. e4 d6 5. Be2 0-0 6. Nf3 e5 7. 0-0 Na6 8. Be3 Ng4 9. Bg5 Qe8 10. dxe5 h6 11. Bh4 dxe5 12. Nd5 c6 13. Ne7+ Kh7 14. Nxc8 Rxc8 15. Qd6 c5 16. Rfd1 h5 17. h3 Nh6 18. Be7 Rc6 19. Qd7 Rc7 20. Qxe8 Rxe8 21. Bd8 1/2-1/2

[Event "URS-chT Army"]
[Site "Simferopol"]
[Date "1990.??.??"]
[Round "?"]
[White "Makarichev, Sergey"]
[Black "Cherepkov, Alexander V"]
[Result "1/2-1/2"]
[WhiteElo "2545"]
[BlackElo "2430"]
[PlyCount "34"]
[EventDate "1990.??.??"]
[EventType "team-swiss"]
[EventRounds "9"]
[EventCountry "URS"]
[SourceTitle "EXT 1997"]
[Source "ChessBase"]
[SourceDate "1996.11.15"]
[SourceVersion "1"]
[SourceVersionDate "1996.11.15"]
[SourceQuality "1"]

1. c4 e5 2. Nc3 d6 3. g3 f5 4. Bg2 Nf6 5. d3 Be7 6. f4 0-0 7. Nf3 Nc6 8. 0-0 Rb8 9. e3 Qe8 10. a3 a6 11. Qc2 Bd7 12. Bd2 h6 13. Rae1 b5 14. b3 Bd8 15. Nd5 bxc4 16. bxc4 e4 17. dxe4 Nxe4 1/2-1/2

[Event "Leningrad it"]
[Site "Leningrad"]
[Date "1990.??.??"]
[Round "?"]
[White "Sakaev, Konstantin"]
[Black "Cherepkov, Alexander V"]
[Result "1-0"]
[WhiteElo "2370"]
[BlackElo "2425"]
[PlyCount "119"]
[EventDate "1990.??.??"]
[EventType "tourn"]
[EventRounds "13"]
[EventCountry "URS"]
[EventCategory "6"]
[SourceTitle "EXT 1997"]
[Source "ChessBase"]
[SourceDate "1996.11.15"]
[SourceVersion "1"]
[SourceVersionDate "1996.11.15"]
[SourceQuality "1"]

1. d4 d5 2. c4 e6 3. Nc3 Nf6 4. cxd5 exd5 5. Bg5 Be7 6. e3 0-0 7. Bd3 Nbd7 8. Qc2 Re8 9. Nge2 Nf8 10. 0-0 c6 11. f3 Be6 12. Kh1 Rc8 13. Rad1 Qa5 14. a3 c5 15. dxc5 Qxc5 16. Nd4 h6 17. Bh4 a6 18. Qb3 b5 19. Nce2 N6d7 20. Bf2 Qc7 21. Bb1 Nc5 22. Qc2 Qb7 23. Qd2 Red8 24. Nf4 Bg5 25. Bg3 Na4 26. Nh5 Qe7 27. Qf2 g6 28. Nf4 Nb6 29. Ndxe6 Nxe6 30. Nxe6 Qxe6 31. f4 Be7 32. f5 Qf6 33. fxg6 Qxf2 34. Rxf2 fxg6 35. Bxg6 Rf8 36. Bf5 Rc6 37. e4 dxe4 38. Bxe4 Rxf2 39. Bxf2 Re6 40. Bb7 a5 41. Re1 Rxe1+ 42. Bxe1 b4 43. Bf2 Na4 44. b3 Nc3 45. a4 Bd8 46. g3 Kf7 47. Kg2 Ke6 48. Kf3 Ke5 49. Bc5 h5 50. Ke3 Bg5+ 51. Kd3 Bd8 52. Bd4+ Kf5 53. Bc8+ Kg6 54. Be6 Bc7 55. Kc4 Bd8 56. Kc5 Ne2 57. Be3 Kf6 58. Bc4 Nc3 59. Kc6 Ne4 60. Kd7 1-0

[Event "Burgas"]
[Site "Burgas"]
[Date "1988.??.??"]
[Round "?"]
[White "Cherepkov, Alexander V"]
[Black "Georgiev, Kiril"]
[Result "1-0"]
[WhiteElo "2405"]
[BlackElo "2595"]
[PlyCount "59"]
[EventDate "1988.??.??"]
[EventType "tourn"]
[EventRounds "11"]
[EventCountry "BUL"]
[SourceTitle "EXT 2000"]
[Source "ChessBase"]
[SourceDate "1999.11.16"]
[SourceVersion "1"]
[SourceVersionDate "1999.11.16"]
[SourceQuality "1"]

1. d4 Nf6 2. c4 e6 3. Nc3 d5 4. cxd5 exd5 5. Bg5 Be7 6. e3 0-0 7. Bd3 c6 8. Qc2 Nbd7 9. Nge2 Re8 10. h3 Nf8 11. 0-0-0 a5 12. Kb1 a4 13. Nxa4 Qa5 14. Nac3 Ne4 15. Bxe7 Rxe7 16. Bxe4 dxe4 17. d5 c5 18. Nc1 f5 19. Qb3 Rf7 20. Qb5 Qa7 21. f3 Bd7 22. Qe2 Qa5 23. fxe4 fxe4 24. Rhf1 Re7 25. Qf2 Bb5 26. Nxb5 Qxb5 27. Qf5 Qe8 28. d6 Rf7 29. d7 Qxd7 30. Qxf7+ 1-0

[Event "Minsk Sokolsky Memorial-14"]
[Site "Minsk"]
[Date "1985.03.??"]
[Round "?"]
[White "Cherepkov, Alexander V"]
[Black "Begun, Sergei M"]
[Result "1-0"]
[WhiteElo "2415"]
[BlackElo "2385"]
[PlyCount "85"]
[EventDate "1985.03.07"]
[EventType "tourn"]
[EventRounds "17"]
[EventCountry "BLR"]
[SourceTitle "EXT 1999"]
[Source "ChessBase"]
[SourceDate "1998.11.16"]
[SourceVersion "1"]
[SourceVersionDate "1998.11.16"]
[SourceQuality "1"]

1. d4 Nf6 2. c4 e6 3. Nc3 Bb4 4. e3 c5 5. Bd3 Nc6 6. Nge2 0-0 7. 0-0 b6 8. a3 Bxc3 9. Nxc3 cxd4 10. exd4 d5 11. cxd5 Nxd5 12. Re1 Bb7 13. Bc2 Nce7 14. Bg5 Nxc3 15. bxc3 Qd5 16. Qg4 h5 17. Qg3 Nf5 18. Qh3 Nxd4 19. cxd4 Qxg5 20. Re5 f5 21. Bb3 Bd5 22. Rxd5 exd5 23. Bxd5+ Kh7 24. Bxa8 Rxa8 25. Qd3 Rd8 26. d5 Rd6 27. h3 Qf4 28. Re1 h4 29. Re3 Rg6 30. Qe2 Kh6 31. Qd1 Kh7 32. Rd3 Qg5 33. Qf3 Rd6 34. Rd4 g6 35. Qc3 Qf6 36. Rxh4+ Qxh4 37. Qc7+ Kh6 38. Qxd6 Qd4 39. Qe6 Qd1+ 40. Kh2 Qd4 41. Kg1 Qd1+ 42. Kh2 Qd4 43. Kg3 1-0